00922nam a22002417a 45000010005000000030006000050050017000110080041000280200018000690400029000870500014001160820010001301000018001402450141001582600042002993000061003415050008004025200164004105210029005745210020006036500025006237000032006485521FISKH20241216135620.0241216b cb ||||| |||| 00| 0 eng d a9781565650282 aFISKHbengcFISKHdFISKH aQH313.P38 a591.1 aPearce, Q. L. aWhy is a frog not a toad ? : bdiscovering the differecnces between animal look-alikes /cby Q. L. Pearce : illustrated by Ron Mazellan  aLos Angeles : bLowell House ;c1992. a28 unnumbered pages : bcolor illustrations ; c26 cm .  aS  aExamines the differences in pairs of animals that are often confused because of their similarities in appearance, such as wolves and coyotes or wasps and bees.8 a790 bLexile estimate 8 aS bRaz-Plus  azoologyvNon-fiction aMazellan, Roneillustrator